Franchising v spoločnosti GastroNet a.s bakalárska práca

Na minha lista:
Detalhes bibliográficos
Autor principal: Križanová, Andrea
Autor Corporativo: Fakulta podnikového manažmentu EU. Katedra podnikových financií
Outros Autores: Strižencová, Michaela
Formato: Livro
Idioma:eslovaco
Publicado em: Bratislava 2011
Tags: Adicionar Tag
Sem tags, seja o primeiro a adicionar uma tag!

MARC

LEADER 00000nbm a2200000 4500
001 0139980
005 20161109111656.9
041 0 |a slo 
044 |a SK 
245 1 0 |a Franchising v spoločnosti GastroNet a.s  |b bakalárska práca  |c Andrea Križanová ; školiteľ: Michaela Strižencová 
264 1 |a Bratislava  |c 2011 
300 |a 52 s. 
100 1 |a Križanová, Andrea 
700 1 |a Strižencová, Michaela 
710 2 |a Fakulta podnikového manažmentu EU. Katedra podnikových financií